Administrative reforms (Record no. 523841)

000 -LEADER
fixed length control field 00568nam a22001457a 4500
008 - FIXED-LENGTH DATA ELEMENTS--GENERAL INFORMATION
fixed length control field 231005b ||||| |||| 00| 0 eng d
100 ## - MAIN ENTRY--PERSONAL NAME
Personal name Srinivas, V.
245 ## - TITLE STATEMENT
Title Administrative reforms
260 ## - PUBLICATION, DISTRIBUTION, ETC. (IMPRINT)
Place of publication, distribution, etc Yojana
300 ## - PHYSICAL DESCRIPTION
Extent 67(9), Sep, 2023: p.51-55
520 ## - SUMMARY, ETC.
Summary, etc India has adopted several next-generation administrative reforms to improve its time-tested administrative systems for carrying out functions of nation building and the creation of an inclusive state. – Reproduced
773 ## - HOST ITEM ENTRY
Main entry heading Yojana
906 ## - LOCAL DATA ELEMENT F, LDF (RLIN)
Subject DIP ADMINISTRATIVE REFORMS
942 ## - ADDED ENTRY ELEMENTS (KOHA)
Item type Articles
Holdings
Withdrawn status Lost status Source of classification or shelving scheme Damaged status Not for loan Permanent location Current location Date acquired Serial Enumeration / chronology Barcode Date last seen Koha item type
          Indian Institute of Public Administration Indian Institute of Public Administration 2023-10-05 67(9), Sep, 2023: p.51-55 AR129734 2023-10-05 Articles

Powered by Koha